000 00823nam a2200229Ia 4500
003 OSt
005 20250714150415.0
008 210210b2006 xxu||||| |||| 00| 0 eng d
040 _cAL
041 _aKannada
082 _aK894.8 KANS
100 _aKANNADA VISHVAVIDYALAYA
_9151375
_dಕನ್ನಡ ವಿಶ್ವವಿದ್ಯಾಲಯ.
245 _aSamagra Kannada Jainasahitya samputa 4: Ranna samputa
_bಸಮಗ್ರ ಕನ್ನಡ ಜೈನಸಾಹಿತ್ಯ ಸಂಪುಟ ೪: ರನ್ನ ಸಂಪುಟ
260 _aHampi
_bPrasaranga Karnataka Vishvavidyalaya
_c2006
300 _axlii,324
440 _a4
_9151376
650 _a Ajitatirthakarapurana tilakam
_9151377
650 _a sahasabhima vijayam
_9151378
690 _aKannada Collections
_9151379
906 _a062635
942 _2ddc
_cBK
999 _c117883
_d117883